000 00578pab a2200193 454500
008 180718b2017 xxu||||| |||| 00| 0 eng d
100 _aPathak, Yuvraj
245 _aWomen's political reservation, early childhood development, and learning in India
260 _c2017
300 _ap.741-766.
362 _aJul
650 _aEarly childhood - India
650 _aWomen in politics - India
650 _aWomen in development - India
650 _aWomen in politics
700 _aMacours, Karen
773 _aEconomic Development and Cultural Change
909 _a115552
999 _c115546
_d115546